000 00781nam a22002537a 4500
001 74410
003 UA-OsUOA
005 20210725215645.0
007 ta
008 20110411b un ||||| |||| 00| 0 ukr d
020 _a966-346-237-Х
040 _aUA-OsUOA
_bukr
_cUA-OsUOA
_dUA-OsUOA
041 _aukr
080 _a349.3(477)(075.8)
090 _a349.3(477)(075.8)
_bС78
100 _aСташків Б. І.
245 _aПраво соціального обслуговування
_bнавч. посіб.
260 _aК.
_bЗнання
_c2007
300 _a567 с.
650 7 _a349.3 Право соціального забезпечення
_2UDC
942 _cBK
_2udc
955 _a2
999 _c360702
_d360702